[Event "Oberliga Hessen"]
[Site "Hessen"]
[Date "1992.??.??"]
[Round "?"]
[White "Schnaebele, Uwe"]
[Black "Alber, Horst"]
[Result "1-0"]
[WhiteElo "2250"]
[BlackElo "2335"]

1.e4 g6 2.d4 Bg7 3.Nc3 d6 4.Be3 a6 5.g3 Nf6 6.h3 O-O 7.Bg2 e5 8.Nge2 Nbd7
9.O-O b5 10.a4 b4 11.Nd5 c5 12.dxe5 Nxe5 13.Bg5 Be6 14.Nef4 Rc8 15.b3 c4
16.Qe2 Re8 17.Rad1 Bxd5 18.Nxd5 Nxd5 19.Bxd8 Nc3 20.Qe3 Nxd1 21.Rxd1 Rexd8
22.Kh2 cxb3 23.cxb3 Rc6 24.f4 Nd7 25.e5 Rc3 26.Qa7 Bf8 27.Bd5 dxe5 28.Bc4 Bc5
29.Qb7 Rc2+ 30.Kh1 exf4 31.gxf4 Re8 32.Qxd7  1-0

[Event "EU-ch U20 Girls"]
[Site "Hradec Kralove"]
[Date "1992.??.??"]
[Round "?"]
[White "Csoke, Adrienn"]
[Black "Djeno, Mara"]
[Result "1-0"]
[WhiteElo "2145"]
[BlackElo "2165"]

1.e4 d6 2.d4 g6 3.Nc3 Bg7 4.f4 Nc6 5.Be3 e5 6.dxe5 dxe5 7.Qxd8+ Kxd8 8.O-O-O+ Bd7
9.Bc4 exf4 10.Bxf4 Be5 11.g3 Bxf4+ 12.gxf4 Nh6 13.Nf3 Na5 14.Ne5 Nxc4 15.Rxd7+ Kc8
16.Nd5 Nxe5 17.Rxc7+ Kb8 18.fxe5 Re8 19.Rd7 Kc8 20.Nf6 a5 21.Rhd1 Rh8 22.Re7 Ra6
23.Rdd7 Rb6 24.Rc7+ Kb8 25.Nd5 Rc8 26.Rxc8+  1-0

[Event "HUN-ch"]
[Site "?"]
[Date "1992.??.??"]
[Round "2"]
[White "Leko, Peter"]
[Black "Chernin, Alexander"]
[Result "1/2-1/2"]
[WhiteElo "2460"]
[BlackElo "2600"]

1.e4 g6 2.d4 Bg7 3.Nc3 d6 4.Bg5 Nd7 5.Qd2 a6 6.O-O-O b5 7.f4 Bb7 8.a3 c5
9.d5 Ngf6 10.Qe1 O-O 11.Nf3 Rb8 12.Kb1 b4 13.axb4 cxb4 14.Na2 b3 15.cxb3 Nc5
16.Bxf6 exf6 17.b4 f5 18.e5 Ne4 19.Bc4 dxe5 20.fxe5 Qc7 21.Rc1 Bxe5 22.Bxa6 Qd6
23.Bxb7 Rxb7 24.Nxe5 Qxe5 25.Qe3 Qxd5 26.Rhd1 Qe6 27.Qd4 Rb6 28.Qd5 Qe8 29.Qa5 Rb5
30.Qa7 Rb8 31.Qd7 Qe5 32.Qc7 Qe6 33.Qd7 Qa6 34.Qc6 Rb6 35.Qc7 Rb7 36.Qc6 Qa7
37.Rd3 Qb8 38.g3 Re7 39.Rd5 Ree8 40.Qc7 Qa8 41.Qa5 Qb8 42.Qc7 Qa8 43.Qa5 Qb8
44.Qc7  1/2-1/2

[Event "HUN-chT"]
[Site "HUN"]
[Date "1992.??.??"]
[Round "?"]
[White "Almasi, Zoltan"]
[Black "Lengyel, Laszlo"]
[Result "1-0"]
[WhiteElo "2410"]
[BlackElo "2220"]

1.e4 g6 2.d4 Bg7 3.Nc3 d6 4.f4 c6 5.Nf3 Nf6 6.Bd3 Bg4 7.h3 Bxf3 8.Qxf3 Qb6
9.e5 Nfd7 10.Qf2 Na6 11.O-O e6 12.Ne4 Bf8 13.exd6 Nb4 14.Bc4 Nd5 15.Bb3 Bg7
16.Rd1 N5f6 17.Nxf6+ Bxf6 18.c4 a5 19.c5 Qb4 20.Bc2 a4 21.Rb1 O-O 22.Be3 b6
23.b3 a3 24.Be4 Rac8 25.Rbc1 Bg7 26.Qf3 bxc5 27.dxc5 Qb5 28.Rc4 Rfd8 29.Bd3 Bb2
30.Ra4 Qb8 31.Ba6 Nf6 32.Bxc8 Qxc8 33.Bd4 Nd5 34.Bxb2 axb2 35.Rb1  1-0

[Event "HUN-chT"]
[Site "HUN"]
[Date "1992.??.??"]
[Round "?"]
[White "Csoke, Adrienn"]
[Black "Kurucsai, Istvanne"]
[Result "1-0"]
[WhiteElo "2235"]
[BlackElo "2100"]

1.e4 g6 2.d4 Bg7 3.Nc3 d6 4.f4 c6 5.Nf3 Nf6 6.Bd3 O-O 7.h3 Qc7 8.e5 dxe5
9.fxe5 Nd5 10.Nxd5 cxd5 11.O-O Nc6 12.c3 Qb6 13.Qe2 Bd7 14.Kh1 Rae8 15.Ng5 Nd8
16.a4 Ne6 17.Bb5 Bxb5 18.Qxb5 Qxb5 19.axb5 Nxg5 20.Bxg5 f6 21.exf6 exf6 22.Bf4 Ra8
23.Rfe1 Kf7 24.Bd6 Rfe8 25.Rxe8 Rxe8 26.Rxa7 Re1+ 27.Kh2 Ke6 28.Bg3 Bh6 29.Bxe1  1-0

[Event "HUN-chT"]
[Site "HUN"]
[Date "1992.??.??"]
[Round "?"]
[White "Almasi, Zoltan"]
[Black "Bencze, Laszlo"]
[Result "1-0"]
[WhiteElo "2410"]
[BlackElo "2270"]

1.e4 g6 2.d4 Bg7 3.Nc3 d6 4.f4 c6 5.Nf3 Bg4 6.Be3 Qb6 7.Qd2 Bxf3 8.gxf3 Nd7
9.O-O-O Qa5 10.Kb1 b5 11.Rg1 Nb6 12.Bd3 Rb8 13.f5 Nc4 14.Bxc4 bxc4 15.Ka1 Nf6
16.h4 Bf8 17.Rb1 Nd7 18.Qe2 Rb4 19.a3 Qa6 20.Bd2 Rb7 21.h5 gxf5 22.exf5 Nf6
23.Ne4 Nxe4 24.fxe4 Qb5 25.Bc3 d5 26.Rbe1 Bh6 27.exd5 cxd5 28.Rg4 Qd7 29.Qf3 Qb5
30.Qe2 Rf8 31.Qg2 Qd7 32.Re5 Rb5 33.Bb4 Rxb4 34.axb4 e6 35.Kb1 Ke7 36.Qh2 Rb8
37.Rxe6+ fxe6 38.Qxb8 exf5 39.Qe5+ Kf7 40.Rg1  1-0

[Event "HUN-chT"]
[Site "HUN"]
[Date "1992.??.??"]
[Round "?"]
[White "Letay, Gyula"]
[Black "Petran, Peter"]
[Result "1/2-1/2"]
[WhiteElo "2270"]
[BlackElo "2380"]

1.e4 g6 2.Nc3 Bg7 3.d4 d6 4.Nf3 Nf6 5.Be2 O-O 6.Be3 Bg4 7.O-O Nc6 8.d5 Bxf3
9.Bxf3 Ne5 10.Be2 c6 11.f4 Ned7 12.Bf3 cxd5 13.exd5 a6 14.Qd3 b5 15.a3 Rc8
16.Rae1 Re8 17.Bd4 Qc7 18.Re2 Qc4 19.Rd1 Qxd3 20.Rxd3 Rc4 21.g3 h5 22.Nd1 Nh7
23.Bxg7 Kxg7 24.Rde3 Nhf6 25.c3 Kf8 26.Nf2 Nb6 27.Rd3 Rec8 28.Nd1 a5 29.Ne3 R4c7
30.Nc2 Rc5 31.Ne3 Nc4 32.Rd4 Nxb2 33.Rxb2 Rxc3 34.Kf2 Rxa3 35.Be2 b4 36.Bb5 Rc5
37.Bc6 e5 38.fxe5 dxe5 39.Rc4 Ng4+ 40.Nxg4 Rxc4 41.Nxe5 Rd4 42.Nd7+ Ke7 43.Nc5 Kd6
44.Nb3 Rd3 45.Nd2 Kc7 46.Nc4 Ra1 47.Re2 b3 48.Re7+ Kd8 49.Re8+  1/2-1/2

[Event "HUN-chT"]
[Site "HUN"]
[Date "1992.??.??"]
[Round "?"]
[White "Morvay, Miklos"]
[Black "Kosztolanczi, Gyula"]
[Result "1-0"]
[WhiteElo "2300"]
[BlackElo "2330"]

1.e4 g6 2.d4 Bg7 3.Nc3 d6 4.f4 Nf6 5.e5 Nfd7 6.Nf3 Nb6 7.a4 a5 8.Bb5+ c6
9.Bd3 dxe5 10.dxe5 Na6 11.Be3 Nb4 12.Be4 N6d5 13.Qd2 Bf5 14.O-O-O Nxc3 15.Qxd8+ Rxd8
16.Rxd8+ Kxd8 17.bxc3 Bxe4 18.cxb4 Bxf3 19.gxf3 axb4 20.Rd1+ Kc8 21.Bb6 Bh6
22.Rd4 g5 23.fxg5 Bxg5+ 24.f4 Bh4 25.Rxb4 Rg8 26.f5 Be1 27.Re4 Bc3 28.e6 f6
29.Rh4 Rg7 30.h3 Be5 31.Rg4 Rg5 32.Kd1 h5 33.Rxg5 fxg5 34.Ke2 Bc7 35.Bc5 Kd8
36.Kf3 Bd6 37.f6 Ke8 38.f7+ Kf8 39.Be3  1-0

[Event "HUN-chT"]
[Site "HUN"]
[Date "1992.??.??"]
[Round "?"]
[White "Szalanczy, Emil"]
[Black "Petran, Peter"]
[Result "1/2-1/2"]
[WhiteElo "2420"]
[BlackElo "2380"]

1.e4 g6 2.d4 Bg7 3.Nc3 d6 4.Be3 c6 5.Qd2 b5 6.Bd3 Nd7 7.Nf3 Nb6 8.b3 a5 9.O-O Nf6
10.Bh6 O-O 11.Qg5 b4 12.Ne2 Bg4 13.Ng3 Bxh6 14.Qxh6 Bxf3 15.gxf3 e5 16.dxe5 dxe5
17.Qg5 Nfd7 18.Qh6 Qf6 19.Kg2 Rfd8 20.h4 a4 21.Rh1 Qg7 22.Qe3 h5 23.Rag1 Kh7
24.Ne2 Qh6 25.f4 axb3 26.axb3 exf4 27.Nxf4 Ne5 28.Qg3 Nbd7 29.Nh3 Qd2 30.Rd1 Qc3
31.Rhg1 Nc5 32.Kh1 Kg8 33.Nf4 Ncxd3 34.cxd3 Qxb3 35.Nxh5 Rxd3 36.Nf6+ Kg7
37.Nh5+ Kg8 38.Nf6+ Kg7  1/2-1/2

[Event "HUN-chT"]
[Site "HUN"]
[Date "1992.??.??"]
[Round "8"]
[White "Foldi, Istvan"]
[Black "Bencze, Laszlo"]
[Result "0-1"]
[WhiteElo "2325"]
[BlackElo "2270"]

1.e4 g6 2.d4 Bg7 3.Nc3 d6 4.Be3 c6 5.Qd2 b5 6.a3 a6 7.Bd3 Nd7 8.Rd1 e5 9.Nce2 Ngf6
10.c3 Bb7 11.f3 O-O 12.Nh3 d5 13.exd5 Nxd5 14.Bf2 exd4 15.Nxd4 Re8+ 16.Ne2 Ne5
17.O-O Bc8 18.Nhf4 Qg5 19.Be4 Nf6 20.Nd5 Nxe4 21.Qxg5 Nxf3+ 22.gxf3 Nxg5
23.Nc7 Bh3 24.Nxa8 Nxf3+ 25.Kh1 Bxf1 26.Ng3 Rxa8 27.Nxf1 Re8 28.Kg2 Ne5 29.b3 Ng4
30.Be1 Bf8 31.a4 f5 32.Bg3 Nf6 33.a5 h6 34.c4 g5 35.cxb5 cxb5 36.Bd6 Rd8
37.Bxf8 Rxd1 38.Bxh6 Ne4 39.Ng3 Rd2+ 40.Kf3 Nxg3 41.hxg3  0-1

[Event "HUN-chT"]
[Site "HUN"]
[Date "1992.??.??"]
[Round "13"]
[White "Barabas, Attila"]
[Black "Kurucsai, Istvan"]
[Result "1-0"]
[WhiteElo "2220"]
[BlackElo "2240"]

1.d4 g6 2.Nc3 Bg7 3.e4 d6 4.f4 c6 5.Nf3 Nf6 6.Be2 O-O 7.O-O Nbd7 8.Kh1 Nb6
9.Be3 Qc7 10.Qe1 Nbd7 11.Rd1 e5 12.dxe5 dxe5 13.Nxe5 Nxe5 14.fxe5 Ng4 15.Bc5 Bxe5
16.Bxf8 Kxf8 17.Qh4 Nxh2 18.Rf2 Bg3 19.Rd8+ Kg7 20.Qf6+ Kh6 21.Rxc8 Rxc8
22.Rf5  1-0

[Event "IRL-ch"]
[Site "IRL"]
[Date "1992.??.??"]
[Round "7"]
[White "Carton, Niall"]
[Black "Ludgate, Alan"]
[Result "1-0"]
[WhiteElo "2240"]
[BlackElo "2250"]

1.e4 g6 2.d4 Bg7 3.Nc3 d6 4.Nf3 Nf6 5.Be2 O-O 6.O-O c6 7.Bf4 Nbd7 8.Qd2 Qc7
9.h3 e5 10.dxe5 dxe5 11.Be3 Nh5 12.Rad1 Nf4 13.Qd6 Qxd6 14.Rxd6 Nxe2+ 15.Nxe2 Nf6
16.Nc3 Nh5 17.Rfd1 Nf4 18.a4 a5 19.Kh2 Ne6 20.Nb1 Re8 21.Na3 Bf8 22.Nc4 Bxd6
23.Nxd6 Re7 24.Nxe5 f6 25.Ng4 g5 26.Nxf6+ Kg7 27.Ng4 Nf4 28.Bd4+ Kf8 29.Nxc8 Rxc8
30.Bc5 Kf7 31.Nh6+ Kf6 32.Bxe7+ Kxe7 33.Nf5+ Ke6 34.g3 Ng6 35.Rd6+ Ke5 36.f3 Rc7
37.Rd8 Kf6 38.Kg2 b5 39.axb5 cxb5 40.Ne3 Rc5 41.Rd5 Rxd5 42.Nxd5+ Ke5 43.c3 Kd6
44.Kf2 Kc5 45.Ke3 Kc4 46.f4 gxf4+ 47.gxf4 a4 48.Nb4 Kb3 49.Nd3 Kc2 50.f5  1-0

[Event "IRL-ch"]
[Site "IRL"]
[Date "1992.??.??"]
[Round "7"]
[White "Carton, Patrick"]
[Black "Hynes, Kilian A"]
[Result "1-0"]
[WhiteElo "2230"]
[BlackElo "2245"]

1.e4 d6 2.d4 g6 3.Nc3 Bg7 4.Be3 c6 5.h4 h5 6.Qd2 Nf6 7.f3 b5 8.Nh3 Bxh3 9.Rxh3 Nbd7
10.Nd1 e5 11.dxe5 Nxe5 12.Nf2 O-O 13.O-O-O d5 14.Bd4 Nc4 15.Bxc4 bxc4 16.exd5 Qxd5
17.Ne4 Nxe4 18.fxe4 Qxe4 19.Bxg7 Kxg7 20.Qd4+ Qxd4 21.Rxd4 Rad8 22.Rxc4 Rfe8
23.b4 a5 24.bxa5 Ra8 25.Ra3 Ra6 26.Rc5 Re4 27.g3 Kf6 28.Rac3 Re6 29.Rb3 Re5
30.Rf3+ Ke6 31.Rxe5+ Kxe5 32.Ra3 f6 33.Kd2 g5 34.Ra4 c5 35.Kd3 Kf5 36.Kc4 gxh4
37.gxh4 Ke5 38.Kxc5 f5 39.Kb5 Ra8 40.a6 f4 41.Rc4 f3 42.Rc7 Rf8 43.Re7+ Kd4
44.Re1 f2 45.Rf1 Ke3 46.a7 Ke2 47.Rc1 f1=Q 48.Rxf1 Kxf1 49.c4 Kg2 50.c5 Kg3
51.Kb6 Kxh4 52.c6 Kg3 53.c7 h4 54.Kb7 h3 55.c8=Q  1-0

[Event "Kecskemet"]
[Site "Kecskemet"]
[Date "1992.??.??"]
[Round "1"]
[White "Mandl, Robert"]
[Black "Schmidt, Peter"]
[Result "1/2-1/2"]
[WhiteElo "2415"]
[BlackElo "2405"]

1.d4 g6 2.e4 Bg7 3.Nc3 d6 4.f4 Nf6 5.Nf3 c5 6.Bb5+ Bd7 7.e5 Ng4 8.e6 fxe6
9.Ng5 Bxb5 10.Nxe6 Bxd4 11.Nxd8 Bf2+  1/2-1/2

[Event "JUG-ch"]
[Site "Kladovo"]
[Date "1992.??.??"]
[Round "7"]
[White "Vukovic, Zdravko"]
[Black "Stanojevic, Branko"]
[Result "0-1"]
[WhiteElo "2430"]
[BlackElo "2395"]

1.e4 d6 2.d4 g6 3.Nc3 Bg7 4.Be2 Nf6 5.Nf3 O-O 6.O-O Nc6 7.d5 Nb8 8.h3 e5
9.dxe6 Bxe6 10.Bg5 Nc6 11.Re1 h6 12.Bh4 Re8 13.Qd2 a6 14.a4 Kh7 15.Rad1 Qb8
16.Bf1 Qa7 17.Nd5 Bxd5 18.exd5 Ne7 19.Bxf6 Bxf6 20.Re4 Nf5 21.Rde1 Rxe4 22.Rxe4 Qb6
23.Rb4 Qa7 24.g4 Nh4 25.Rf4 Nxf3+ 26.Rxf3 Kg7 27.Rxf6 Kxf6 28.Qc3+ Ke7 29.Qxc7+ Kf8
30.Qxd6+ Kg8 31.Qc7 b6 32.Qc6 Rd8 33.d6 Qb8 34.Qc7 Qxc7 35.dxc7 Rc8 36.Bxa6 Rxc7
37.Bd3 Kg7 38.f4 Rd7 39.Kf2 Rd4 40.b3 Rxf4+ 41.Ke3 g5 42.c4 Kf6 43.b4 Ke5
44.a5 bxa5 45.bxa5 Rf6 46.c5 Rc6  0-1

[Event "JUG-ch"]
[Site "Kladovo"]
[Date "1992.??.??"]
[Round "8"]
[White "Lazic, Miroljub"]
[Black "Vujadinovic, Goran"]
[Result "1-0"]
[WhiteElo "2450"]
[BlackElo "2345"]

1.e4 d6 2.d4 g6 3.Nc3 Bg7 4.g3 Nf6 5.Bg2 O-O 6.Nge2 e5 7.h3 c6 8.a4 Nbd7
9.Be3 Re8 10.O-O exd4 11.Bxd4 b6 12.g4 h6 13.Ng3 Ba6 14.Re1 Qc7 15.Qd2 Ne5
16.b3 Rad8 17.Rad1 c5 18.Be3 Kh7 19.g5 Ng8 20.Nd5 Qb8 21.gxh6 Bh8 22.Bg5 f6
23.Be3 Nf7 24.f4 Ngxh6 25.f5 g5 26.Nh5 Ng8 27.h4 g4 28.Qf2 Ne5 29.Nhf4 Nh6
30.h5 Rd7 31.Ng6 Qd8 32.Qh4 Bg7 33.Ndf4 Rg8 34.Ne6 Qe8 35.Bg5 Nf3+ 36.Bxf3 gxf3
37.c4 Rf7 38.Rxd6 f2+ 39.Kxf2 Qb8 40.Red1 Re8  1-0

[Event "JUG-ch"]
[Site "Kladovo"]
[Date "1992.??.??"]
[Round "9"]
[White "Kontic, Djordje"]
[Black "Vujadinovic, Goran"]
[Result "1-0"]
[WhiteElo "2375"]
[BlackElo "2345"]

1.e4 d6 2.d4 g6 3.Nc3 Bg7 4.Be3 a6 5.Qd2 b5 6.Bd3 Bb7 7.a4 b4 8.Na2 a5 9.c3 bxc3
10.bxc3 Nf6 11.f3 O-O 12.Ne2 Nbd7 13.O-O c6 14.Bh6 e5 15.Bxg7 Kxg7 16.Rab1 Ba6
17.Bxa6 Rxa6 18.c4 Qc7 19.Nac3 Rb8 20.Rxb8 Qxb8 21.g4 h6 22.h4 Rb6 23.g5 hxg5
24.hxg5 Nh5 25.dxe5 Nxe5 26.f4 Rb2 27.Qe3 Ng4 28.Qd4+ Kg8 29.Rd1 d5 30.exd5 cxd5
31.Qxd5 Nxf4 32.Qd8+ Kh7 33.Qxb8 Nxe2+ 34.Nxe2 Rxb8 35.c5 Rc8 36.Rc1 Ne5
37.Nd4 Nc6 38.Nxc6 Rxc6 39.Kf2 Kg7 40.Ke3 Kf8 41.Ke4 Ke7 42.Kd5 Re6 43.Rb1 Re2
44.Rb7+ Kd8 45.Rxf7 Rg2 46.Rg7 Rxg5+ 47.Kd6 Ke8 48.c6 Kf8  1-0

[Event "JUG-ch"]
[Site "Kladovo"]
[Date "1992.??.??"]
[Round "11"]
[White "Marinkovic, Slavisa"]
[Black "Vujadinovic, Goran"]
[Result "0-1"]
[WhiteElo "2370"]
[BlackElo "2345"]

1.e4 d6 2.d4 g6 3.Nc3 Bg7 4.g3 Nc6 5.Be3 e5 6.dxe5 Nxe5 7.h3 Ne7 8.Qd2 O-O
9.f4 N5c6 10.O-O-O b5 11.Bxb5 Rb8 12.Nge2 Bd7 13.Ba4 Qc8 14.Bb3 a5 15.h4 Qa6
16.h5 Bg4 17.hxg6 hxg6 18.a4 Rxb3 19.cxb3 Rb8 20.Nb5 Nb4 21.Nec3 Qc6 22.Bd4 f6
23.Be3 Be6 24.Nd4 Na2+ 25.Kb1 Nxc3+ 26.Qxc3 Qxe4+ 27.Qd3 Qxd3+ 28.Rxd3 Bd5
29.Rhd1 Be4 30.Nb5 Nd5 31.Kc1 Nb4 32.Rd4 f5 33.Kd2 Bxd4 34.Bxd4 c5 35.Be3 Bc2
36.Rh1 Bxb3 37.Kc3 Bxa4 38.Nxd6 Nd5+ 39.Kd3 Rb3+ 40.Kc4 Nxe3+ 41.Kxc5 Rxb2
42.Kd4 Ng4 43.Ra1 Rb4+ 44.Kc5 Nf6  0-1

[Event "JUG-ch"]
[Site "Kladovo"]
[Date "1992.??.??"]
[Round "12"]
[White "Milenkovic, Mladen"]
[Black "Gulicovski, Klimentije"]
[Result "1-0"]
[WhiteElo "2235"]
[BlackElo "2225"]

1.e4 d6 2.d4 g6 3.Nc3 Bg7 4.Bc4 Nf6 5.f3 c6 6.Bb3 Qc7 7.Bg5 Nbd7 8.Qd2 h6
9.Be3 a6 10.Nge2 b5 11.O-O Bb7 12.Nd1 c5 13.c3 c4 14.Bc2 e5 15.Nf2 h5 16.f4 Ng4
17.Nxg4 hxg4 18.a4 Qd8 19.g3 f6 20.dxe5 dxe5 21.Qd6 Bf8 22.Qe6+ Qe7 23.Qxg4 Qh7
24.Qe6+ Be7 25.Rf2 Qh3 26.Qxh3 Rxh3 27.axb5 axb5 28.Rxa8+ Bxa8 29.Rf1 Nc5
30.Ra1 Bc6 31.fxe5 fxe5 32.Kg2 Rh7 33.Bxc5 Bxc5 34.Ra6 Kd7 35.Ng1 Kc7 36.Nf3 Kb7
37.Ra1 Re7 38.Re1 Bd6 39.Nh4 Re6 40.Rf1 Be8 41.g4 b4 42.cxb4 Bxb4 43.b3 c3
44.Nf3 Bc5 45.Ra1 Be3 46.Ra5 Bf4 47.h4 Ra6 48.Rc5 Rc6 49.Ra5 Ra6 50.Rxa6 Kxa6
51.Ne1 Be3 52.Nd3 Bd4 53.Nb4+ Kb5 54.Nd5 Bf7 55.Kf3 Kc5 56.Bd3 Be8 57.Ke2 Bf7
58.b4+ Kd6 59.Ne3 Be6 60.h5 gxh5 61.gxh5 Bf7 62.h6 Bg6 63.Nf5+ Ke6 64.Nxd4+ exd4
65.b5 Kd7 66.Kd1  1-0

[Event "Lloyds Bank op"]
[Site "London"]
[Date "1992.??.??"]
[Round "?"]
[White "Zilberman, Yaacov"]
[Black "Corkett, Anthony"]
[Result "1-0"]
[WhiteElo "2490"]
[BlackElo "2340"]

1.d4 d6 2.e4 g6 3.Nc3 Bg7 4.Nge2 Nc6 5.Be3 Nf6 6.f3 e5 7.Qd2 O-O 8.O-O-O exd4
9.Nxd4 Nxd4 10.Bxd4 a6 11.h4 Be6 12.g4 b5 13.h5 c5 14.Be3 Qa5 15.hxg6 b4
16.gxh7+ Kh8 17.Bh6 Ne8 18.Bxg7+ Nxg7 19.Nb1 Qxa2 20.Qxd6 Qa1 21.b3 Rfc8
22.g5 a5 23.Ba6 Rf8 24.Bb5 a4 25.Bxa4 c4 26.Qxb4 cxb3 27.cxb3 Rfc8+ 28.Kd2 Qe5
29.Ke2 Rab8 30.Qd6 Qxg5 31.Rhg1 Qh6 32.Rd2 Rd8 33.Qe5 f6 34.Rxd8+ Rxd8 35.Qc7 Rc8
36.Qd6 Bf7 37.Nd2 Ne6 38.Bd7 Nf4+ 39.Kd1 Rd8 40.Qe7  1-0

[Event "Lloyds Bank op"]
[Site "London"]
[Date "1992.??.??"]
[Round "?"]
[White "Ravikumar, Vaidyanathan"]
[Black "King, Daniel J"]
[Result "0-1"]
[WhiteElo "2380"]
[BlackElo "2510"]

1.e4 g6 2.d4 Bg7 3.Nc3 d6 4.h3 a6 5.a4 Nf6 6.Nf3 O-O 7.Be3 b6 8.Bd3 Bb7 9.O-O Nc6
10.Qd2 e5 11.dxe5 dxe5 12.Bg5 Qd6 13.Qe2 Rfe8 14.Rfe1 Nd4 15.Nxd4 exd4 16.e5 Qc6
17.Qf1 dxc3 18.Bxf6 cxb2 19.Rab1 Qc3 20.Re3 Bxf6 21.Be4 Qxe5 22.Bxb7 Qc5
23.Bxa8 Rxa8 24.Qe2 Kg7 25.c4 Rd8 26.Rxb2 Bxb2 27.Qxb2+ Qd4 28.Qb4 Qf6 29.Re1 a5
30.Qe7 Rd2 31.Qxf6+ Kxf6 32.Rc1 Rb2 33.g3 Rb4 34.c5 b5 35.axb5 Rxb5  0-1

[Event "Lloyds Bank op"]
[Site "London"]
[Date "1992.??.??"]
[Round "?"]
[White "Hon, Andrew"]
[Black "Walker, David"]
[Result "1-0"]
[WhiteElo "2215"]
[BlackElo "2320"]

1.e4 g6 2.d4 Bg7 3.Nc3 d6 4.Be3 a6 5.h3 b5 6.a3 Nd7 7.Nf3 Bb7 8.Be2 Ngf6
9.e5 Nd5 10.Nxd5 Bxd5 11.exd6 cxd6 12.O-O Nb6 13.b3 O-O 14.Rc1 Rc8 15.Qd2 Qc7
16.Rfd1 Qb7 17.Qb4 Qc7 18.Qa5 Qb7 19.Qb4 Qc7 20.Qa5 Bb7 21.c4 bxc4 22.bxc4 Nd7
23.Qg5 Nf6 24.Rd3 Rb8 25.d5 Bc8 26.Nd4 Bd7 27.Qh4 Rfc8 28.Bg4 Bxg4 29.hxg4 Qd7
30.Nc6 Rb7 31.Bg5 Rxc6 32.dxc6 Qxc6 33.Rh3 Qe4 34.Bxf6 Bxf6 35.Qxh7+ Kf8
36.Qh6+ Bg7 37.Qg5 Bd4 38.Qa5 Rb2 39.Qd8+  1-0

[Event "Lloyds Bank op"]
[Site "London"]
[Date "1992.??.??"]
[Round "?"]
[White "Hebden, Mark"]
[Black "Dunnington, Angus J"]
[Result "1-0"]
[WhiteElo "2510"]
[BlackElo "2355"]

1.d4 d6 2.e4 g6 3.Nc3 Bg7 4.Nf3 a6 5.h3 b5 6.Ne2 Bb7 7.Ng3 c5 8.c3 Qc7 9.a4 c4
10.axb5 axb5 11.Rxa8 Bxa8 12.Be3 Nf6 13.d5 O-O 14.Nd4 Qa5 15.Be2 Nbd7 16.O-O Nc5
17.b4 cxb3 18.Nxb3 Qxc3 19.Nxc5 dxc5 20.Bxb5 Qb4 21.Qd3 Rc8 22.Rb1 Qa5 23.Rc1 h5
24.Ba6 Rc7 25.Rb1 Nd7 26.Bd2 Qa2 27.Bc4 Qa7 28.f4 Bd4+ 29.Kh2 Nb6 30.Ne2 Kh7
31.Bc3 Nxc4 32.Qxc4 Bxc3 33.Nxc3 Bb7 34.e5 Qa6 35.Qxa6 Bxa6 36.Rb6 Bd3 37.Rc6 Rxc6
38.dxc6 Ba6 39.Kg1 Kg7 40.Nd5 c4 41.Kf2  1-0

[Event "Lloyds Bank op"]
[Site "London"]
[Date "1992.??.??"]
[Round "?"]
[White "Gurevich, Ilya"]
[Black "McDonald, Neil R"]
[Result "1-0"]
[WhiteElo "2510"]
[BlackElo "2410"]

1.e4 d6 2.d4 g6 3.Nc3 Bg7 4.Be2 Nf6 5.h4 c5 6.dxc5 Qa5 7.Qd3 Qxc5 8.Be3 Qa5
9.h5 Nc6 10.h6 Bf8 11.O-O-O Bd7 12.a3 Ne5 13.Qd4 Rc8 14.f3 a6 15.g4 Nc6 16.Qd2 e6
17.Bf4 Ne5 18.Bg5 Be7 19.Kb1 Rxc3 20.Bxf6 Bxf6 21.Qxc3 Qxc3 22.bxc3 Ke7 23.f4  1-0

[Event "Lloyds Bank op"]
[Site "London"]
[Date "1992.??.??"]
[Round "?"]
[White "Chandler, Murray G"]
[Black "Nijboer, Friso"]
[Result "0-1"]
[WhiteElo "2575"]
[BlackElo "2485"]

1.e4 d6 2.d4 g6 3.Nc3 Bg7 4.f4 Nc6 5.Be3 Nf6 6.Nf3 O-O 7.Be2 e6 8.Qd2 Ne7
9.O-O-O b6 10.h4 Bb7 11.h5 Nxe4 12.Nxe4 Bxe4 13.Ng5 Bxg2 14.Rh2 Bb7 15.hxg6 hxg6
16.Ba6 Bd5 17.c4 f6 18.cxd5 fxg5 19.dxe6 d5 20.Rdh1 Qd6 21.fxg5 Qxe6 22.Bf4 Qc6+
23.Kb1 b5 24.Qe2 Rxf4 25.Qxe7 Rf7 26.Qe3 Rb8 27.Qh3 Kf8 28.Bc8 Qc4 29.Be6 Rf4  0-1

[Event "ESP-ch"]
[Site "Madrid"]
[Date "1992.??.??"]
[Round "6"]
[White "San Segundo, Pablo"]
[Black "Brito, Alfredo"]
[Result "1/2-1/2"]
[WhiteElo "2425"]
[BlackElo "2375"]

1.d4 g6 2.e4 Bg7 3.Nc3 d6 4.h3 Nc6 5.Nf3 Nf6 6.Be3 O-O 7.Qd2 a6 8.O-O-O b5
9.e5 b4 10.exf6 bxc3 11.Qxc3 Bxf6 12.Qxc6 Rb8 13.Bh6 Re8 14.Ng5 Bb7 15.Qc4 e6
16.h4 c5 17.Rh3 Bd5 18.Qa4 Rb4 19.Qa3 Qd7 20.b3 Rxd4 21.c3 Rxd1+ 22.Kxd1 e5
23.Rd3 Bc6 24.f3  1/2-1/2

[Event "Manila ol (Men)"]
[Site "Manila"]
[Date "1992.??.??"]
[Round "?"]
[White "Cheah, Eric"]
[Black "Naimanye, Andrew"]
[Result "1-0"]
[WhiteElo "2275"]
[BlackElo "2205"]

1.e4 g6 2.d4 Bg7 3.Nc3 d6 4.f4 Nf6 5.e5 dxe5 6.dxe5 Qxd1+ 7.Kxd1 Bg4+ 8.Ke1 Nfd7
9.Nd5 Kd8 10.Ne3 Bf5 11.Nxf5 gxf5 12.Bd3 e6 13.Be3 f6 14.exf6 Nxf6 15.Rd1 Nbd7
16.c3 Nd5 17.Bc1 c6 18.Nf3 Kc7 19.Kf2 Rhe8 20.Rhe1 Nc5 21.Bb1 Nf6 22.Kg1 Nce4
23.Ne5 Re7 24.g4 Nd6 25.g5 Nfe4 26.Nf3 h6 27.h4 hxg5 28.fxg5 e5 29.Kg2 Nc5
30.Bf4 Rae8 31.Bh2 Re6 32.Bc2 f4 33.b4 Nd7 34.Nd2 Rh8 35.Kh3 Nf8 36.Kg4 Nb5
37.Ne4 b6 38.Bb3 Re7 39.a4 Na3 40.Ra1 Ng6 41.h5 f3 42.Rxa3 Nf4 43.Bxf4 exf4
44.Raa1 Rhe8 45.Kxf3  1-0

[Event "Manila ol (Men)"]
[Site "Manila"]
[Date "1992.??.??"]
[Round "?"]
[White "Lalic, Bogdan"]
[Black "Hoi, Carsten"]
[Result "1-0"]
[WhiteElo "2515"]
[BlackElo "2430"]

1.d4 g6 2.e4 Bg7 3.Nc3 d6 4.Be3 Nf6 5.Qd2 Nc6 6.f3 O-O 7.O-O-O e5 8.d5 Nd4
9.Nge2 c5 10.dxc6 bxc6 11.Nxd4 exd4 12.Bxd4 Be6 13.h4 Qa5 14.Qg5 Qd8 15.e5 Nh5
16.exd6 Bxd4 17.Rxd4 Qb6 18.Qe5 Rae8 19.Na4 Qb8 20.Bd3 Bd5 21.Qh2 a5 22.Be4 Qa7
23.Rhd1 Nf6 24.Nc3 Rb8 25.Bxd5 Nxd5 26.Nxd5 cxd5 27.Qe5 a4 28.Rxd5 a3 29.b3 Rfe8
30.Qd4 Qd7 31.Ra5 Re2 32.Rxa3 Rxg2 33.Ra7 Qf5 34.Rc7 Qa5 35.Qd5 Qa3+ 36.Kb1 Rf8
37.d7  1-0

[Event "Manila ol (Men)"]
[Site "Manila"]
[Date "1992.??.??"]
[Round "?"]
[White "Brady, Stephen"]
[Black "Fancy, Stuart"]
[Result "1-0"]
[WhiteElo "2320"]
[BlackElo "2205"]

1.d4 g6 2.e4 Bg7 3.Nc3 d6 4.g3 Nd7 5.Bg2 e5 6.Nf3 exd4 7.Nxd4 Ngf6 8.O-O O-O
9.h3 Nc5 10.Nb3 Nfd7 11.Be3 Bxc3 12.bxc3 Qe7 13.Re1 Re8 14.Bh6 Qe5 15.Nd4 Na4
16.Qd2 Qc5 17.Rab1 a6 18.Ne2 Nab6 19.Nf4 c6 20.Nd3 Qa5 21.Qe3 Nd5 22.Qd4 N5f6
23.Qxd6 Qxc3 24.e5 Nd5 25.e6 N7f6 26.exf7+ Kxf7 27.Rxe8  1-0

[Event "Manila ol (Women)"]
[Site "Manila"]
[Date "1992.??.??"]
[Round "?"]
[White "Uskova, Fliura"]
[Black "Ioseliani, Nana"]
[Result "0-1"]
[WhiteElo "2275"]
[BlackElo "2445"]

1.d4 d6 2.e4 g6 3.Nc3 Bg7 4.Be2 Nf6 5.Nf3 O-O 6.O-O c6 7.a4 Qc7 8.h3 Nbd7
9.Re1 e5 10.Bf1 Re8 11.g3 a5 12.Be3 b6 13.Qd2 exd4 14.Bxd4 Ne5 15.Nxe5 dxe5
16.Be3 Be6 17.Rad1 Bf8 18.Bg5 Nd7 19.Qe3 f6 20.Bh6 Be7 21.h4 Rad8 22.Rd2 Nc5
23.Red1 Nb7 24.Qe1 Bb4 25.Rxd8 Rxd8 26.Rxd8+ Qxd8 27.Be3 Nc5 28.Bxc5 Bxc5
29.Ne2 f5 30.exf5 Bxf5 31.Bg2 Qd6 32.Qc1 e4 33.c3 e3 34.fxe3 Bg4 35.Nf4 b5
36.axb5 cxb5 37.Kf2 h6 38.Qc2 g5 39.Ne2 Qf6+ 40.Ke1 Bxe3 41.Nd4 gxh4 42.gxh4 Qxh4+
43.Kf1 Qf6+ 44.Ke1 Kg7 45.Nxb5 Qh4+ 46.Kf1 Qh2 47.Ke1 Qg1+  0-1

[Event "Manila ol (Women)"]
[Site "Manila"]
[Date "1992.??.??"]
[Round "?"]
[White "Starr, Nava"]
[Black "Wong, Audrey"]
[Result "1/2-1/2"]
[WhiteElo "2215"]
[BlackElo "2020"]

1.e4 d6 2.d4 g6 3.Nc3 Bg7 4.Nf3 Nf6 5.Bg5 h6 6.Bh4 O-O 7.Qe2 c6 8.e5 dxe5
9.dxe5 Nd5 10.Qd2 Nxc3 11.Qxc3 Bg4 12.Be2 Qc7 13.Bg3 Nd7 14.O-O-O Bxf3 15.gxf3 Nxe5
16.Rhe1 Rfd8 17.Rxd8+ Rxd8 18.a3 Rd5 19.Bf1 Qd6 20.Qb3 h5 21.f4 Bh6 22.Bg2 Rb5
23.Qe3 Nc4  1/2-1/2

[Event "Manila ol (Women)"]
[Site "Manila"]
[Date "1992.??.??"]
[Round "?"]
[White "Mills, Natalie"]
[Black "Djeno, Mara"]
[Result "1-0"]
[WhiteElo "2005"]
[BlackElo "2140"]

1.e4 d6 2.d4 g6 3.Nc3 Bg7 4.f4 Nf6 5.Nf3 O-O 6.Bd3 Nbd7 7.O-O c5 8.dxc5 Nxc5
9.Qe1 Nxd3 10.cxd3 b6 11.Qh4 Ba6 12.Rd1 Nd7 13.d4 e5 14.dxe5 dxe5 15.Qh3 Bc8
16.f5 Qc7 17.Nd5 Qc2 18.Be3 Nf6 19.Ng5 h5 20.Ne7+ Kh8 21.Rac1 Qa4 22.Nxc8 Raxc8
23.Nxf7+ Rxf7 24.Rxc8+ Rf8 25.Rdd8 Kg8 26.fxg6 Ne8 27.Qxh5  1-0

[Event "Manila ol (Women)"]
[Site "Manila"]
[Date "1992.??.??"]
[Round "?"]
[White "McLure, Alison"]
[Black "Mujica, Luisana"]
[Result "0-1"]
[WhiteElo "2005"]
[BlackElo "2020"]

1.e4 g6 2.d4 d6 3.Nc3 Bg7 4.Be3 Nf6 5.Qd2 Ng4 6.Nf3 Nxe3 7.Qxe3 Nd7 8.Bd3 c5
9.Ne2 O-O 10.O-O cxd4 11.Nfxd4 Ne5 12.c3 Ng4 13.Qg3 Qb6 14.h3 Ne5 15.Rab1 Bd7
16.Kh1 Rac8 17.f4 Nxd3 18.Qxd3 e5 19.Nb3 Bb5 20.Qc2 Qa6 21.Rfe1 Bd3 22.Qc1 Bxe2
23.Qd2 Bd3 24.Rbd1 Bc4 25.Qxd6 Qxa2 26.Nc5 Rfd8 27.Qxd8+ Rxd8 28.Rxd8+ Bf8
29.Nd7 Qb3 30.Rxf8+ Kg7 31.Rd8 exf4 32.Nc5 Qxc3 33.Red1 Be2 34.R1d5 Qe1+
35.Kh2 Qg3+ 36.Kh1 f3  0-1